Lubna Agha (Record no. 67119)
[ view plain ]
| 000 -LEADER | |
|---|---|
| fixed length control field | 00443nam a22001697a 4500 |
| 005 - DATE AND TIME OF LATEST TRANSACTION | |
| control field | 20260204103756.0 |
| 008 - FIXED-LENGTH DATA ELEMENTS--GENERAL INFORMATION | |
| fixed length control field | 260204b |||||||| |||| 00| 0 eng d |
| 020 ## - INTERNATIONAL STANDARD BOOK NUMBER | |
| International Standard Book Number | 9698896015 |
| 040 ## - CATALOGING SOURCE | |
| Transcribing agency | PK-LaNCA |
| 082 ## - DEWEY DECIMAL CLASSIFICATION NUMBER | |
| Classification number | 759.95491 |
| Item number | SIR |
| 100 ## - MAIN ENTRY--PERSONAL NAME | |
| Author Name | Sirhandi, Marcella Nesom |
| 245 ## - TITLE STATEMENT | |
| Title | Lubna Agha |
| 260 ## - PUBLICATION, DISTRIBUTION, ETC. | |
| Place of publication, distribution, etc. | Foundation of Museum of Modern Art (FOMMA) |
| Name of publisher, distributor, etc. | Karachi |
| Date of publication, distribution, etc. | 2006 |
| 300 ## - PHYSICAL DESCRIPTION | |
| Pages | 70p.; ills |
| 650 ## - SUBJECT ADDED ENTRY--TOPICAL TERM | |
| Subject | Painter - Pakistan |
| 942 ## - ADDED ENTRY ELEMENTS (KOHA) | |
| Koha item type | Book |
| 999 ## - | |
| -- | 67119 |
| -- | 67119 |
| Withdrawn status | Weedout from Library | Permanent Location | Current Location | Shelving location | Date acquired | Full call number | Barcode | Price effective from | Koha item type |
|---|---|---|---|---|---|---|---|---|---|
| NATIONAL COLLEGE OF ARTS, LAHORE - LIBRARY | NATIONAL COLLEGE OF ARTS, LAHORE - LIBRARY | General Section Library Basement | 04/02/2026 | 759.95491 SIR 38152 | 38152 | 04/02/2026 | Book |